Морская коллекция. 2017, № 4 (211): Амурские канонерки, ч. 2 (Запись № 11560161)
[ простой вид ]
| 000 -МАРКЕР | |
|---|---|
| контрольное поле | 01704nam2a2200265 4500 |
| 001 - ИДЕНТИФИКАТОР ЗАПИСИ | |
| контрольное поле | RU\NLR\PER_A\002577498_002390 |
| 005 - ИДЕНТИФИКАТОР ВЕРСИИ | |
| контрольное поле | 20250626061932.0 |
| 035 ## - ДРУГИЕ СИСТЕМНЫЕ НОМЕРА | |
| Идентификатор записи | (NLR Aleph) 011411512 |
| 100 ## - ДАННЫЕ ОБЩЕЙ ОБРАБОТКИ | |
| Данные общей обработки | 20170621d2017 |||y0rusy50 ca |
| 101 0# - ЯЗЫК РЕСУРСА | |
| Язык текста, звукозаписи и т.д. | русский |
| 102 ## - СТРАНА ПУБЛИКАЦИИ ИЛИ ПРОИЗВОДСТВА | |
| Страна публикации | Российская Федерация |
| 200 1# - ЗАГЛАВИЕ И СВЕДЕНИЯ ОБ ОТВЕТСТВЕННОСТИ | |
| Основное заглавие | Амурские канонерки, ч. 2 |
| Наименование части | Речные канонерские лодки типов "Бурят" и "Вогул" |
| Первые сведения об ответственности | Р.В. Лапшин, Н.В. Митюков |
| 210 ## - ПУБЛИКАЦИЯ, РАСПРОСТРАНЕНИЕ И ДР. | |
| Дата издания, распространения и т.д. | 2017 |
| Место издания, распространения и т.д. | Б. м. |
| 461 #0 - УРОВЕНЬ НАБОРА | |
| Встроенное поле | 001RU\NLR\INFOCOMM\1000090925 |
| -- | 2001#$aМорская коллекция$eСправ. по кораб. составу$eПрил. к журн. "Моделист-конструктор"$fУчредитель: "Ред. журн. "Моделист-конструктор" в форме АОЗТ"$v2017, № 4 (211) |
| Системный номер (АБИС) связанной записи | 3245256 |
| Место публикации | М. |
| Дата публикации | 1995- |
| Первые сведения об ответственности | Учредитель: "Ред. журн. "Моделист-конструктор" в форме АОЗТ" |
| Имя издателя, распространителя и т.д. | Ред. журн. "Моделист-конструктор" в форме АОЗТ |
| Сведения, относящиеся к заглавию | Справ. по кораб. составу : Прил. к журн. "Моделист-конструктор" |
| Заглавие | Морская коллекция |
| Номер тома | 2017, № 4 (211) |
| 606 1# - НАИМЕНОВАНИЕ ТЕМЫ КАК ПРЕДМЕТ | |
| Наименование темы | Канонерские лодки типа "Бурят" |
| Системный номер авторитетной/нормативной записи | 2322523 |
| Идентификатор авторитетной/нормативной записи | RU\NLR\AUTH\6601614104 |
| 606 1# - НАИМЕНОВАНИЕ ТЕМЫ КАК ПРЕДМЕТ | |
| Наименование темы | Канонерские лодки типа "Вогул" |
| Системный номер авторитетной/нормативной записи | 2322526 |
| Идентификатор авторитетной/нормативной записи | RU\NLR\AUTH\6601614105 |
| 686 1# - ИНДЕКСЫ ДРУГИХ КЛАССИФИКАЦИЙ | |
| Индекс | Ц661.13 |
| 700 #1 - ИМЯ ЛИЦА - ПЕРВИЧНАЯ ОТВЕТСТВЕННОСТЬ | |
| Начальный элемент ввода | Лапшин |
| Часть имени, кроме начального элемента ввода | Р.В. |
| Даты | 1972- |
| Расширение инициалов личного имени | Роман Витальевич |
| 701 #1 - ИМЯ ЛИЦА - АЛЬТЕРНАТИВНАЯ ОТВЕТСТВЕННОСТЬ | |
| Начальный элемент ввода | Митюков |
| Часть имени, кроме начального элемента ввода | Н.В. |
| Даты | 1969- |
| Расширение инициалов личного имени | Николай Витальевич |
| 852 ## - МЕСТОНАХОЖДЕНИЕ И ШИФР ХРАНЕНИЯ | |
| Идентификатор организации | NLR |
| Шифр хранения (Call Number) | П11/3767 |
| 942 ## - ДОПОЛНИТЕЛЬНЫЕ ЭЛЕМЕНТЫ ЗАПИСИ (АБИС) | |
| Тип экземпляра АБИС | Выпуск |
| 980 ## - КОЛЛЕКЦИЯ | |
| Название коллекции | Национальная библиография |
| 980 ## - КОЛЛЕКЦИЯ | |
| Название коллекции | Русская периодика |
Нет доступных экземпляров.